|
|
|
|
| LEADER |
00000nab a2200000 a 4500 |
| 001 |
vtls000444132 |
| 003 |
SK-MaSNL |
| 005 |
20260304234647.0 |
| 008 |
230223c1991 xo 0 slo |
| 015 |
|
|
|a SNBRB19rr/mm-uuuuu
|
| 035 |
|
|
|a CL0444262
|
| 035 |
|
|
|a urn:nbn:sk:snk-ab7gs2
|
| 035 |
|
|
|a (urnnbn)urn:nbn:sk:snk:ar-005rn0
|
| 035 |
|
|
|a (uuid)1b898d33-be38-42be-acf3-8d697b9fe4f8
|
| 040 |
|
|
|a SNKBUCL
|b slo
|c SNKBUCL
|e AACR2
|
| 041 |
0 |
|
|a slo
|
| 044 |
|
|
|a xo
|c SK
|
| 080 |
|
|
|a 930.25:62/622
|2 1981
|
| 080 |
|
|
|a 62/622
|2 1981
|
| 080 |
|
|
|a 930.25
|2 1981
|
| 100 |
1 |
|
|a Novák, Ján,
|d 1943-
|4 aut
|9 201132
|
| 245 |
1 |
0 |
|a Nemecko-slovenský banícko-hutnícky slovník
|c Ján Novák
|
| 650 |
0 |
7 |
|a baníctvo
|2 snkbucl
|9 3571
|
| 650 |
0 |
7 |
|a metalurgia
|2 snkbucl
|9 941
|
| 650 |
0 |
7 |
|a archívne dokumenty
|2 snkbucl
|9 78548
|
| 655 |
|
7 |
|a články z novín a časopisov
|2 snkbucl
|9 267496
|
| 773 |
0 |
|
|t Slovenská archivistika
|g Roč. 26, č. 2 (1991), s. 131
|
| 787 |
0 |
8 |
|i Rec.:
|t Nemecko-slovenský banícko-hutnícky slovník
|d Banská Štiavnica : Štátny ústredný banský archív, 1991
|
| 850 |
|
|
|a Slovenská národná knižnica v Martine
|a MTA001
|
| 852 |
|
|
|a SNK
|b KIS3GCP
|
| 954 |
|
|
|a odborná, vedecká literatúra pôvodná (slovenská)
|2 lita
|
| 958 |
|
|
|a RK
|
| 958 |
|
|
|a OND
|
| 958 |
|
|
|a EUIPO
|
| 958 |
|
|
|a article7
|
| 992 |
|
|
|a RBX
|
| 999 |
|
|
|c 3205136
|d 3207066
|